| 000 | 01504cas a2200373 a 4500 | ||
|---|---|---|---|
| 001 | 15376513 | ||
| 003 | OSt | ||
| 005 | 20221113023915.0 | ||
| 008 | 071218t2007 gw ab f 0 b0eng d | ||
| 020 | _a9783791338316(Trade edition) | ||
| 020 | _a9783791361215(Museum edition) | ||
| 035 | _a(OCoLC)ocn184843687 | ||
| 040 |
_aCMalG _beng _erda _cCMalG _dCMalG _dPU _dDLC _dEG-ScBUE |
||
| 041 | 0 |
_aeng _ager |
|
| 043 | _ae-gx--- | ||
| 082 | 0 | 4 |
_222 _a720.94305 _bDEU |
| 245 | 0 | 0 |
_aDeutsches architektur jahrbuch = _bGerman architecture annual. |
| 246 | 3 | 1 | _aGerman architecture annual |
| 264 | 1 |
_aFrankfurt am Main ; _bDeutsches Architekturmuseum ; _aMünchen ; _aNew York : _bPrestel, _c[2007] |
|
| 264 | 4 | _cc2007 | |
| 300 |
_a200 pages : _billustrations (some color), maps (some color) ; _c28 cm |
||
| 500 | _aIncludes annual report of the Deutsches Architekturmuseum. | ||
| 546 | _aText in English and German. | ||
| 550 | _aIssued on behalf of the Dezernat für Kultur und Wissenschaft, Kulturamt der Stadt Frankfurt am Main. | ||
| 650 | 7 |
_aArchitecture _zGermany _xHistory _y21st century _vPeriodicals. _2BUEsh |
|
| 653 | _bENGARC | ||
| 655 |
_vReading book _934232 |
||
| 780 | 0 | 0 |
_tDAM Jahrbuch _x1611-1370 _w(DLC) 2003229961 _w(OCoLC)51644901 |
| 942 |
_2ddc _cBB |
||
| 999 |
_c10726 _d10726 |
||